MARC

LEADER 00000nas a2200000 a 4500
001 ssj0000058
003 WaSeSS
005 20200512172242.0
006 m d
007 cr n
008 750920d19391989dcumr p s f0 a0eng
010 |a  39026945  
016 7 |a 9881802  |2 DNLM 
016 7 |a SR0055331  |2 DNLM 
016 7 |a 003720423  |2 Uk 
022 |l 0041-7610  |y 0041-7610 
030 |a DSBUAM 
035 |a (WaSeSS)ssj0000058 
040 |a DLC  |b eng  |c MUL  |d NSD  |d DLC  |d NSD  |d OCL  |d NSD  |d GPO  |d OCL  |d GPO  |d AIP  |d NST  |d AIP  |d NST  |d AIP  |d OCL  |d HUL  |d NST  |d NSD  |d IUL  |d NSD  |d GPO  |d NSD  |d GPO  |d NSD  |d GPO  |d CLU  |d DLC  |d HUL  |d NST  |d DLC  |d WAU  |d ELM  |d HUL  |d NST  |d DLC  |d NST  |d OCL  |d DLC  |d SLU  |d IUL  |d NLM  |d OCLCQ  |d NLGGC  |d IUL  |d LVB  |d MBB  |d OCLCQ  |d UKMGB  |d AGL  |d OCLCA  |d OCLCQ  |d OCLCA  |d OCLCQ  |d OCLCF  |d BEDGE  |d OCL  |d PIFSG  |d GILDS  |d COD  |d WaSeSS 
042 |a nsdp  |a pcc 
043 |a n-us--- 
050 0 0 |a KZ231  |b .U83 
050 4 |a JX232  |b .A33 
070 0 |a 150  |b B87 
074 |a 864 
082 0 0 |a 353.1 
086 0 |a S 1.3: 
210 0 |a Dep. State bull. 
222 4 |a The Department of State bulletin 
245 0 4 |a The Department of State bulletin  |h [electronic resource]. 
260 |a [Washington, D.C.?] :  |b Office of Public Communication, Bureau of Public Affairs :  |b For sale by the Supt. of Docs., U.S. G.P.O.,  |c [1939-1989] 
310 |a Monthly,  |b Jan. 1978-Dec. 1989 
321 |a Weekly,  |b July 1, 1939-Dec. 26, 1977 
362 0 |a Vol. 1, no. 1 (July 1, 1939)-v. 89, no. 2153 (Dec. 1989). 
500 |a "The official monthly record of United States foreign policy." 
506 |a License restrictions may limit access. 
525 |a Annual index issued separately. 
550 |a Vols. prior to 1978 issued by the Office of Media Services. 
580 |a Formed by the merger of: Press releases. Weekly issue; and: Treaty information bulletin. 
580 |a Continued in part by: Current treaty actions, Jan.-July 1990; continued by: US Department of State dispatch, Sept. 1990- 
650 1 7 |a Buitenlandse betrekkingen.  |2 gtt 
650 1 7 |a Internationale betrekkingen.  |2 gtt 
650 1 7 |a Buitenlandse politiek.  |2 gtt 
650 1 7 |a Overheid.  |2 gtt 
650 7 |a Diplomatic relations.  |2 fast  |0 (OCoLC)fst01907412 
650 7 |a International relations  |x Administration.  |2 fast  |0 (OCoLC)fst01353398 
650 7 |a Mensuels.  |2 eclas 
650 7 |a Relations extérieures.  |2 eclas 
651 0 |a United States  |x Foreign relations  |v Periodicals. 
651 0 |a United States  |x Foreign relations administration  |v Periodicals. 
651 6 |a États-Unis  |x Relations extérieures  |v Périodiques. 
651 6 |a États-Unis  |x Relations extérieures  |x Administration  |v Périodiques. 
651 7 |a United States.  |2 fast  |0 (OCoLC)fst01204155 
651 7 |a Etats-Unis d'Amérique.  |2 eclas 
651 4 |a Estados Unidos  |x Relaciones exteriores  |x Fuentes. 
655 0 |a Electronic journals. 
710 1 |a United States.  |b Department of State.  |b Office of Media Services. 
710 1 |a United States.  |b Department of State.  |b Office of Public Communication. 
776 0 8 |i Microfilm version:  |t Department of State bulletin  |w (DLC)sf 84019063  |w (OCoLC)4203617 
780 1 4 |t Press releases. Weekly issue  |w (OCoLC)42342582 
780 1 4 |a United States. Department of State.  |t Treaty information bulletin  |w (OCoLC)8225704 
785 1 1 |t Current treaty actions  |g Jan.-July 1990  |w (DLC) 92658670  |w (OCoLC)22205713 
785 1 0 |t US Department of State dispatch  |g Sept. 1990-  |x 1051-7693  |w (DLC) 90660311  |w (OCoLC)22105966 
850 |a CLU  |a CaMWUC  |a DLC  |a MH-CI  |a MH-Hi  |a MH-KG  |a MH-L  |a MH-Lm  |a MiDW-L  |a MiU  |a NN  |a NSyU  |a NcD-L  |a NjR  |a OU  |a OrU  |a PU  |a T  |a TxHR  |a WU  |a WaU 
856 4 0 |z Full text available from Research Library: 01/01/1988 to 12/31/1989  |u https://search.proquest.com/publication/704